00329nam a2200133Ia 4500003000400000008004100004040001600045082002100061100001600082245004400098260002900142300001100171650001300182GCL140319s9999 xx 000 0 eng d aGCL / cGCL04aCHb823.087bE E1 aENID BLYTON10aWALL, REALLY MR TWIDDLE / cENID BLYTON a[S.N] : bDEAN ، c1990 a184 PP04aCHILDREN